000 00264nam a22001217a 4500
008 170503b xxu||||| |||| 00| 0 eng d
041 _aeng
080 _28 ED
_a34
100 _a13
101 _aSHJ
245 _aCONSTITUTIONAL LAW
_cBARON.J.A
942 _2udc
_cBK
999 _c12500
_d12500